De "Mansión de los muertos" a negocio inmobiliario (Registro nro. 110027)

Detalles MARC
000 -LEADER
campo de control de longitud fija 02522nam a2200529 i 4500
001 - NÚMERO DE CONTROL
campo de control MOR01000110355
003 - IDENTIFICADOR DE NÚMERO DE CONTROL
campo de control $$amxcmmo
005 - FECHA Y HORA DE LA ÚLTIMA TRANSACCIÓN
campo de control 20260410102529.0
008 - DATOS DE LONGITUD FIJA--INFORMACIÓN GENERAL
campo de control de longitud fija 180918s2020 cmm g bi 000 0 spa d
035 ## - NÚMERO DE CONTROL DEL SISTEMA
Número de control de sistema 220272
040 ## - FUENTE DE CATALOGACIÓN
Centro catalogador/agencia de origen mxcmmo
Lengua de catalogación spa
Centro/agencia transcriptor mxcmmo
Normas de descripción rda
041 0# - CÓDIGO DE IDIOMA
Código de lengua del texto/banda sonora o título independiente spa
043 ## - CÓDIGO DE ÁREA GEOGRÁFICA
Código de área geográfica n-mx-df
045 ## - PERIODO DE TIEMPO DEL CONTENIDO
Código de periodo de tiempo w7x1
082 04 - NÚMERO DE LA CLASIFICACIÓN DECIMAL DEWEY
Número de clasificación 711.58
Número de ítem VAZ.d
100 1# - ENTRADA PRINCIPAL--NOMBRE DE PERSONA
Nombre de persona Vázquez Aguilar, Alicia Elena
Término indicativo de función/relación autor
9 (RLIN) 199301
245 10 - MENCIÓN DEL TÍTULO
Título De "Mansión de los muertos" a negocio inmobiliario
Resto del título : la expansión de la colonia Guerrero sobre los terrenos del panteón de Santa Paula de la ciudad de México, 1871-1912/
Mención de responsabilidad, etc. Alicia Elena Vázquez Aguilar ; directora Eulalia Ribera Carbó
264 #1 - PRODUCCIÓN, PUBLICACIÓN, DISTRIBUCIÓN, FABRICACIÓN Y COPYRIGHT
Fecha de producción, publicación, distribución, fabricación o copyright 2020
300 ## - DESCRIPCIÓN FÍSICA
Extensión 181 páginas (3 páginas plegadas);
Dimensiones 23 cm
336 ## - TIPO DE CONTENIDO
Término de tipo de contenido texto
Código de tipo de contenido txt
Fuente rdacontent
337 ## - TIPO DE MEDIO
Nombre/término del tipo de medio sin medio
Código del tipo de medio n
Fuente rdamedia
338 ## - TIPO DE SOPORTE
Nombre/término del tipo de soporte volumen
Código del tipo de soporte nc
Fuente rdacarrier
500 ## - NOTA GENERAL
Nota general Disponible en BIBLIOTECA DIGITAL
502 ## - NOTA DE TESIS
Nota de tesis Tesis.
Tipo de título Licenciatura.
Nombre de la institución que otorga el título Instituto de Investigaciones Dr. José María Luis Mora, Licenciatura en Historia, con línea de formación en didáctica de la historia
Año de obtención del título 2020
504 ## - NOTA DE BIBLIOGRAFÍA, ETC.
Nota de bibliografía, etc. Nota Incluye referencias bibliográficas (páginas 155-163)
541 0# - NOTA DE FUENTE DE ADQUISICIÓN DIRECTA
Fuente de adquisición Instituto Mora
Forma de adquisición Depósito
650 #7 - PUNTO DE ACCESO ADICIONAL DE MATERIA--TÉRMINO DE MATERIA
Término de materia o nombre geográfico como elemento de entrada Cementerios
Subdivisión geográfica Ciudad de México
-- Guerrero, Colonia
Subdivisión general Historia
9 (RLIN) 199302
650 #7 - PUNTO DE ACCESO ADICIONAL DE MATERIA--TÉRMINO DE MATERIA
Término de materia o nombre geográfico como elemento de entrada Costumbres luctuosas
Subdivisión geográfica Ciudad de México
Subdivisión general Historia
9 (RLIN) 199303
650 #7 - PUNTO DE ACCESO ADICIONAL DE MATERIA--TÉRMINO DE MATERIA
Término de materia o nombre geográfico como elemento de entrada Higiene pública
Subdivisión geográfica Ciudad de México
Subdivisión general Historia
9 (RLIN) 199304
650 #7 - PUNTO DE ACCESO ADICIONAL DE MATERIA--TÉRMINO DE MATERIA
Término de materia o nombre geográfico como elemento de entrada Política urbana
Subdivisión geográfica Ciudad de México
Subdivisión general Historia
9 (RLIN) 199305
650 #7 - PUNTO DE ACCESO ADICIONAL DE MATERIA--TÉRMINO DE MATERIA
Término de materia o nombre geográfico como elemento de entrada Urbanización
Subdivisión geográfica Ciudad de México
-- Guerrero, Colonia
Subdivisión general Historia
9 (RLIN) 199306
650 #7 - PUNTO DE ACCESO ADICIONAL DE MATERIA--TÉRMINO DE MATERIA
Término de materia o nombre geográfico como elemento de entrada Vivienda
Subdivisión geográfica Ciudad de México
-- Guerrero, Colonia
Subdivisión general Historia
9 (RLIN) 199307
651 #7 - PUNTO DE ACCESO ADICIONAL DE MATERIA--NOMBRE GEOGRÁFICO
Nombre geográfico Guerrero, colonia (Ciudad de México)
Subdivisión general Historia
9 (RLIN) 199308
700 1# - ENTRADA AGREGADA--NOMBRE PERSONAL
Nombre de persona Ribera Carbó, Eulalia
Término indicativo de función/relación asesora
9 (RLIN) 205640
710 2# - ENTRADA AGREGADA--NOMBRE DE ENTIDAD CORPORATIVA
Nombre de entidad corporativa o nombre de jurisdicción como elemento de entrada Instituto de Investigaciones Dr. José María Luis Mora (México, D.F.)
Unidad subordinada Licenciatura en Historia. Línea de Formación en didáctica de la historia
9 (RLIN) 180060
856 ## - LOCALIZACIÓN Y ACCESO ELECTRÓNICOS
Identificador Uniforme de Recurso <a href="https://mora.koha.es/odigital/compressed_ALICIAVAZQUEZAGUILAR_DeMansindelosmuertos_000168598.pdf">https://mora.koha.es/odigital/compressed_ALICIAVAZQUEZAGUILAR_DeMansindelosmuertos_000168598.pdf</a>
Nota pública Acceso PDF
900 ## - ELEMENTOS DE DATOS A LOCAL, LDA (RLIN)
Nombre de persona BERENICE
Numeración Catalogacion
Títulos y otros términos asociados al nombre 20220815
Lenguaje de la obra MOR01
-- 1355
900 ## - ELEMENTOS DE DATOS A LOCAL, LDA (RLIN)
Nombre de persona CATY
Numeración 30
Títulos y otros términos asociados al nombre 20220411
Lenguaje de la obra MOR01
-- 1335
900 ## - ELEMENTOS DE DATOS A LOCAL, LDA (RLIN)
Nombre de persona LUIS
Numeración 20
Títulos y otros términos asociados al nombre 20220325
Lenguaje de la obra MOR01
-- 1314
900 ## - ELEMENTOS DE DATOS A LOCAL, LDA (RLIN)
Nombre de persona LUIS
Numeración 20
Títulos y otros términos asociados al nombre 20220325
Lenguaje de la obra MOR01
-- 1314
900 ## - ELEMENTOS DE DATOS A LOCAL, LDA (RLIN)
Nombre de persona MARC21
Numeración 40
Títulos y otros términos asociados al nombre 20220816
Lenguaje de la obra MOR01
-- 1457
900 ## - ELEMENTOS DE DATOS A LOCAL, LDA (RLIN)
Nombre de persona MARC21
Numeración 40
Títulos y otros términos asociados al nombre 20220817
Lenguaje de la obra MOR01
-- 1131
900 ## - ELEMENTOS DE DATOS A LOCAL, LDA (RLIN)
Nombre de persona VOBO
Numeración 40
Títulos y otros términos asociados al nombre 20220816
Lenguaje de la obra MOR01
-- 1847
904 ## - ELEMENTOS DE DATOS D LOCAL, LDD (RLIN)
a UPDATE
942 ## - ELEMENTOS DE ENTRADA SECUNDARIOS (KOHA)
Código de la institución [OBSOLETO] BK
901 ## - ELEMENTOS DE DATOS A LOCAL LDA (RLIN)
a Cecilia Luna
Existencias
Estatus retirado Estado de pérdida Fuente del sistema de clasificación o colocación Estado de daño No para préstamo Colección Biblioteca de origen Biblioteca actual Ubicación en estantería Fecha de adquisición Fuente de adquisición Número de inventario Total de préstamos Signatura topográfica completa Código de barras Visto por última vez Precio de reemplazo Tipo de ítem Koha Nota pública
    Clasificación Decimal Dewey       Biblioteca Digital Biblioteca Digital   20/02/2025       CDIG D03399 20/02/2025 20/02/2025 Digitalizado BIBLIOTECA DIGITAL
    Clasificación Decimal Dewey     Tesis MORA Biblioteca Instituto Mora Biblioteca Instituto Mora Regular 11/04/2022   137717   (TM)/711.58 VAZ.d 33006801141347 03/09/2024 03/09/2024 Libro préstamo regular